[Event "VIE-ch U13"]
[Site "Hai Phong"]
[Date "2018.07.09"]
[Round "4"]
[White "Hoang, Le Minh Nhat"]
[Black "Nguyen, Huu Khang"]
[Result "0-1"]
[WhiteElo "1832"]
[BlackElo "1824"]
[PlyCount "62"]
[EventDate "2018.07.07"]
[EventType "swiss"]
[EventRounds "9"]
[EventCountry "VIE"]
[SourceTitle "EXT 2019"]
[Source "ChessBase"]
[SourceDate "2018.10.10"]
[SourceVersion "1"]
[SourceVersionDate "2018.10.10"]
[SourceQuality "1"]

1. e4 c5 2. Nf3 d6 3. d4 cxd4 4. Nxd4 Nf6 5. Nc3 g6 6. Be3 Bg7 7. Bc4 0-0 8. f3 Nc6 9. Qd2 Bd7 10. 0-0-0 Rc8 11. Bb3 Ne5 12. h4 Nc4 13. Bxc4 Rxc4 14. h5 Qa5 15. hxg6 fxg6 16. Bh6 Nxe4 17. fxe4 Rxd4 18. Qe3 Rxd1+ 19. Nxd1 Bxh6 20. Qxh6 Rf7 21. Nc3 Bc6 22. Qh3 Qe5 23. Qc8+ Kg7 24. Qh3 h5 25. Re1 Qg5+ 26. Kb1 Rf2 27. Qe6 Rxg2 28. a3 Rg1 29. Rxg1 Qxg1+ 30. Ka2 Qg5 31. Ne2 Qe5 0-1

[Event "VIE-ch U09"]
[Site "Ho Chi Minh City"]
[Date "2014.07.18"]
[Round "9"]
[White "Hoang, Le Minh Nhat"]
[Black "Pham, Anh Dung"]
[Result "1-0"]
[WhiteElo "1476"]
[BlackElo "1520"]
[PlyCount "35"]
[EventDate "2014.07.13"]
[EventType "swiss"]
[EventRounds "9"]
[EventCountry "VIE"]
[SourceTitle "EXT 2016"]
[Source "ChessBase"]
[SourceDate "2015.10.08"]
[SourceVersion "1"]
[SourceVersionDate "2015.10.08"]
[SourceQuality "1"]

1. e4 c5 2. Nf3 d6 3. Bb5+ Bd7 4. Bxd7+ Nxd7 5. 0-0 g6 6. Nc3 Bg7 7. d4 cxd4 8. Nxd4 Qb6 9. Nf3 Ngf6 10. Rb1 0-0 11. Be3 Qc7 12. Re1 Nc5 13. Bg5 Rfd8 14. Bxf6 Bxf6 15. Nd5 Qc6 16. h3 Bg7 17. Nxe7+ Kh8 18. Nxc6 1-0

[Event "VIE-ch U09"]
[Site "Ho Chi Minh City"]
[Date "2014.07.15"]
[Round "5"]
[White "Nguyen, Ngoc Minh"]
[Black "Hoang, Le Minh Nhat"]
[Result "1-0"]
[WhiteElo "1486"]
[BlackElo "1476"]
[PlyCount "69"]
[EventDate "2014.07.13"]
[EventType "swiss"]
[EventRounds "9"]
[EventCountry "VIE"]
[SourceTitle "EXT 2016"]
[Source "ChessBase"]
[SourceDate "2015.10.08"]
[SourceVersion "1"]
[SourceVersionDate "2015.10.08"]
[SourceQuality "1"]

1. d4 d5 2. Nf3 Nf6 3. e3 Nc6 4. c4 e6 5. Bd3 Bd7 6. 0-0 Bb4 7. a3 Be7 8. b4 0-0 9. c5 b6 10. b5 Nb8 11. c6 Be8 12. Bb2 a6 13. a4 Bd6 14. Nbd2 h6 15. e4 dxe4 16. Nxe4 Nxe4 17. Bxe4 Qc8 18. d5 Bc5 19. Bc2 Qd8 20. Qd3 g6 21. Qc3 f6 22. dxe6 Qe7 23. Rfd1 axb5 24. axb5 Rxa1 25. Bxa1 Nxc6 26. bxc6 Bxc6 27. Bxg6 Qxe6 28. Bc2 Qe7 29. Bb3+ Kh8 30. Nh4 Qg7 31. Qg3 Qxg3 32. hxg3 Kh7 33. Bc2+ Kg8 34. Ng6 Rb8 35. Bxf6 1-0

[Event "VIE-ch U09"]
[Site "Ho Chi Minh City"]
[Date "2014.07.13"]
[Round "1"]
[White "Dinh, Luu Don"]
[Black "Hoang, Le Minh Nhat"]
[Result "1-0"]
[WhiteElo "1527"]
[BlackElo "1476"]
[PlyCount "49"]
[EventDate "2014.07.13"]
[EventType "swiss"]
[EventRounds "9"]
[EventCountry "VIE"]
[SourceTitle "EXT 2016"]
[Source "ChessBase"]
[SourceDate "2015.10.08"]
[SourceVersion "1"]
[SourceVersionDate "2015.10.08"]
[SourceQuality "1"]

1. d4 d5 2. c4 dxc4 3. e3 Nf6 4. Bxc4 e6 5. Nf3 Bb4+ 6. Bd2 Bxd2+ 7. Nbxd2 0-0 8. 0-0 Nc6 9. Rc1 Re8 10. Bb5 Bd7 11. Nb3 a6 12. Bxc6 Bxc6 13. Ne5 Ba4 14. Qd3 Nd7 15. Nxd7 Qxd7 16. Nc5 Qb5 17. Qa3 h6 18. Qxa4 Qxa4 19. Nxa4 c6 20. Nb6 Rad8 21. Na4 e5 22. dxe5 Rxe5 23. Nc5 b5 24. Nxa6 Ra8 25. Rxc6 1-0